Movies Quiz

Random Movies or Director Quiz

John Hughes Movies Quiz Stats

 Plays Quiz Updated May 23, 2019

Score 0/8 Timer 03:00
0 Plays Today
Year Movie % Correct
1985The Breakfast Club
95.1%
1984Sixteen Candles
87%
1986Ferris Bueller's Day Off
56.1%
1985Weird Science
34.4%
1989Uncle Buck
28%
1987Planes, Trains & Automobiles
25.6%
1991Curly Sue
12.5%
1988She's Having a Baby
9.1%

You're not logged in!

Compare scores with friends on all Sporcle quizzes.
OR
Log In

Sporcle TV

Today on Sporcle TV


Watch our educational content, quiz creation guides, and fun videos on Sporcle TV.

Show Comments

Extras

Top Quizzes Today


Score Distribution

Your Account Isn't Verified!

In order to create a playlist on Sporcle, you need to verify the email address you used during registration. Go to your Sporcle Settings to finish the process.

Report this User

Report this user for behavior that violates our Community Guidelines.

Details: